Structure and Reactivity of Biomolecules An Introduction into Organic Chemistry (Record no. 2222)

MARC details
000 -LEADER
fixed length control field 00381nam a22001337a 4500
008 - FIXED-LENGTH DATA ELEMENTS--GENERAL INFORMATION
fixed length control field 250311b |||||||| |||| 00| 0 eng d
020 ## - INTERNATIONAL STANDARD BOOK NUMBER
ISBN 9783906390727
100 ## - MAIN ENTRY--AUTHOR
Author Gossaur Albert
245 ## - TITLE STATEMENT
Title Structure and Reactivity of Biomolecules An Introduction into Organic Chemistry
260 ## - PUBLICATION, DISTRIBUTION, ETC. (IMPRINT)
Place of publication Switzreland
Name of publisher Wiley-VCH
Date of publication 2018
300 ## - COLLATION
Pagination XV,666P
942 ## - ADDED ENTRY ELEMENTS (KOHA)
Item type Books
050 ## - LIBRARY OF CONGRESS CALL NUMBER
Classification number QD251.3
Item number .G67
Holdings
Source of classification or shelving scheme Not for loan Permanent location Current location Date acquired Accession No. Full call number Barcode. Koha item type
Library of Congress Classification   Samuel Ogbemudia Main Library, University of Abuja Samuel Ogbemudia Main Library, University of Abuja 03/11/2025 2024/63623-4 QD251.3.G67 2025-0463 Books
Library of Congress Classification   Samuel Ogbemudia Main Library, University of Abuja Samuel Ogbemudia Main Library, University of Abuja 03/11/2025 2024/63623-4 QD251.3.G67 2025-0464 Books